000 00826nam a2200253Ia 4500
003 OSt
005 20221005105759.0
006 a|||||r|||| 00| 0
007 ta
008 221004b |||||||| |||| 00| 0 hin d
024 _a24024
037 _cTextual
040 _aCRL
_cCRL
_bhin
041 _2hin
_ahin
082 _aV2y7M82, 152K9
100 _aशर्मा, ओमप्रकाश
245 0 _aएक युग
_b एक पुरुष
246 _aEk yuga: ek puruṣha
260 _aनई दिल्ली
_bसस्ता साहित्य मण्डल भारत
_c1969
300 _a270पृ0
_ccm.
650 _aविश्व-इतिहास
942 _hV2y7M82, 152K9
_cTEXL
_2cc
999 _c1016887
_d1016887